MARC details
| 000 -LEADER |
| fixed length control field |
00720cam a2200193 4500 |
| 001 - CONTROL NUMBER |
| control field |
WS114600 |
| 008 - FIXED-LENGTH DATA ELEMENTS--GENERAL INFORMATION |
| fixed length control field |
010917n 000 0 eng u |
| 035 ## - SYSTEM CONTROL NUMBER |
| System control number |
(Sirsi) u114600 |
| 245 ## - TITLE STATEMENT |
| Title |
Parliament Today |
| 520 ## - SUMMARY, ETC. |
| Summary, etc. |
Web site describing itself as 'a one-stop-shop for news and information about the UK Parliament, government and politics'. Includes press releases, a weekly diary and an A-Z of Parliamentary information. |
| 650 ## - SUBJECT ADDED ENTRY--TOPICAL TERM |
| Topical term or geographic name entry element |
GOVERNMENT |
| 650 ## - SUBJECT ADDED ENTRY--TOPICAL TERM |
| Topical term or geographic name entry element |
DISPUTE RESOLUTION |
| 9 (RLIN) |
6236 |
| 650 ## - SUBJECT ADDED ENTRY--TOPICAL TERM |
| Topical term or geographic name entry element |
PARLIAMENT |
| 650 ## - SUBJECT ADDED ENTRY--TOPICAL TERM |
| Topical term or geographic name entry element |
HOUSE OF COMMONS |
| 650 ## - SUBJECT ADDED ENTRY--TOPICAL TERM |
| Topical term or geographic name entry element |
HOUSE OF LORDS |
| 690 ## - LOCAL SUBJECT ADDED ENTRY--TOPICAL TERM (OCLC, RLIN) |
| Topical term or geographic name as entry element |
LAW |
| 856 40 - ELECTRONIC LOCATION AND ACCESS |
| Uniform Resource Identifier |
<a href="https://www.parliamenttoday.com">https://www.parliamenttoday.com</a> |
| Public note |
View the website free of charge at www.parliamenttoday.com... |
| 942 ## - ADDED ENTRY ELEMENTS (KOHA) |
| Suppress in OPAC |
0 |